[Event "I Memorial Doriano Spinelli"]
[Site "Torino ITA"]
[Date "2015.12.07"]
[Round "5"]
[White "Cutelli, Massimo"]
[Black "Coqueraut, Lodewyk"]
[WhiteElo "1829"]
[BlackElo "1638"]
[Result "1-0"]
[PlyCount "47"]
[EventDate "2015.12.04"]

1. e4 b6 2. d4 Bb7 3. Nc3 e6 4. Bd3 Bb4 5. Nf3 Nf6 6. Qe2 a6 7. O-O Bxc3 8.
bxc3 d5 9. exd5 Nxd5 10. Qe4 c6 11. Qg4 g6 12. Bg5 Qc7 13. c4 h5 14. Qh3 Nb4
15. Bf6 Rg8 16. Be4 Nd7 17. Bg5 c5 18. d5 exd5 19. cxd5 Qd6 20. Rfe1 Ne5 21.
Nxe5 Bc8 22. Qf3 Bf5 23. Bxf5 gxf5 24. Nc6+ 1-0

[Event "I Memorial Doriano Spinelli"]
[Site "Torino ITA"]
[Date "2015.12.07"]
[Round "5"]
[White "Doromeychuk, Anton"]
[Black "Martin, Tiziano"]
[WhiteElo "1844"]
[BlackElo "1926"]
[Result "1-0"]
[PlyCount "123"]
[EventDate "2015.12.04"]

1. d4 d5 2. Nf3 e6 3. c4 Nf6 4. Bg5 Nbd7 5. e3 Be7 6. Nc3 O-O 7. Bd3 dxc4 8.
Bxc4 a6 9. a4 c5 10. d5 exd5 11. Nxd5 Nxd5 12. Qxd5 Qa5+ 13. Ke2 Bxg5 14. Nxg5
Nf6 15. Qe5 Bg4+ 16. f3 Bh5 17. Qc3 Qc7 18. g4 Bg6 19. h4 h6 20. h5 Bh7 21. Nh3
b5 22. axb5 axb5 23. Rxa8 Rxa8 24. Bxb5 Nd5 25. Qb3 Rb8 26. Qxd5 Rxb5 27. b3
Qb8 28. Ra1 Rb7 29. e4 Kh8 30. g5 hxg5 31. Nxg5 Bg8 32. h6 Rxb3 33. hxg7+ Kxg7
34. e5 Rb2+ 35. Ke3 Qb3+ 36. Qxb3 Rxb3+ 37. Kf4 c4 38. Ne4 Bh7 39. Rg1+ Bg6 40.
Rc1 Rb4 41. Rc3 Ra4 42. Ke3 Bxe4 43. Kxe4 Kf8 44. Kd4 Ra1 45. Rxc4 Rf1 46. Ke4
Re1+ 47. Kf5 Ra1 48. Rc6 Ra3 49. f4 Ra4 50. Kg5 Re4 51. Rd6 Re1 52. Kf6 Ke8 53.
Ra6 Rf1 54. f5 Rf2 55. Ra8+ Kd7 56. Rf8 Ra2 57. Rxf7+ Ke8 58. Re7+ Kd8 59. Rh7
Rf2 60. e6 Re2 61. Rh8+ Kc7 62. e7 1-0

[Event "I Memorial Doriano Spinelli"]
[Site "Torino ITA"]
[Date "2015.12.07"]
[Round "5"]
[White "Gotti, Marco"]
[Black "Wisbey, Danilo"]
[WhiteElo "1713"]
[BlackElo "1587"]
[Result "1-0"]
[PlyCount "105"]
[EventDate "2015.12.04"]

1. e4 e6 2. d4 d5 3. e5 c5 4. c3 Qb6 5. Nf3 Nc6 6. Be2 f6 7. a4 a5 8. Na3 Bd7
9. O-O fxe5 10. dxe5 c4 11. Nb5 Na7 12. Nbd4 Rc8 13. Rb1 Bc5 14. Be3 Qc7 15.
Bf4 Ne7 16. Ng5 Bxd4 17. cxd4 Qd8 18. Bh5+ Ng6 19. Bxg6+ hxg6 20. Qc2 Qe7 21.
Qxg6+ Kd8 22. Nf7+ Kc7 23. Bg5 Qe8 24. Rfc1 Rf8 25. b3 Qxf7 26. Qc2 Kb8 27.
bxc4 Rxc4 28. Qb2 Rxc1+ 29. Rxc1 Rc8 30. Rb1 Bxa4 31. Qa3 Qd7 32. Be7 Ka8 33.
Bd6 Rc4 34. Bc5 Bc2 35. Re1 Qa4 36. Qh3 Qe8 37. Ra1 Ra4 38. Rxa4 Bxa4 39. Qc3
Qb5 40. h3 Nc6 41. Qf3 Qb1+ 42. Kh2 Qf5 43. Qg3 g5 44. Qa3 b5 45. Qb2 Qc2 46.
Qa1 Qxf2 47. Bb6 Qf4+ 48. Kh1 Kb7 49. Bc5 Qd2 50. Kh2 Qd1 51. Qb2 Qc2 52. Qa3
Qb3 53. Qc1 $138 1-0

[Event "I Memorial Doriano Spinelli"]
[Site "Torino ITA"]
[Date "2015.12.07"]
[Round "5"]
[White "Liviabella, Lucio"]
[Black "Fassio, Francesco"]
[WhiteElo "1567"]
[BlackElo "1560"]
[Result "1-0"]
[PlyCount "122"]
[EventDate "2015.12.04"]

1. e4 e5 2. Bc4 Nf6 3. d3 Nc6 4. a3 Be7 5. Nc3 d6 6. Bg5 O-O 7. Qd2 Nd7 8. Bxe7
Nxe7 9. O-O-O c6 10. f4 b5 11. Ba2 exf4 12. Qxf4 Nb6 13. Nf3 Be6 14. b3 Ng6 15.
Qg3 Qf6 16. d4 Qf4+ 17. Kb2 Qxg3 18. hxg3 Bd7 19. Rhf1 a5 20. e5 b4 21. Ne4
dxe5 22. dxe5 Nd5 23. Rd3 Nge7 24. Nd6 f6 25. exf6 Rxf6 26. Ne4 Rff8 27. c4 Nb6
28. a4 Bf5 29. Re3 Ng6 30. Bb1 Nd7 31. Rd1 Rae8 32. Rde1 Rd8 33. Neg5 Bxb1 34.
Ne6 Bf5 35. Nxd8 Rxd8 36. Ng5 Nf6 37. Nf3 h6 38. R1e2 Bg4 39. Kc2 Nh5 40. Re8+
Rxe8 41. Rxe8+ Kf7 42. Ra8 Bxf3 43. gxf3 Nxg3 44. Rxa5 Ne7 45. Re5 h5 46. a5
Nc8 47. Rg5 h4 48. Rg4 Nf5 49. Kd3 Kf6 50. a6 h3 51. Rg1 Nh4 52. Rh1 Ng2 53.
Ke2 Nf4+ 54. Ke3 Ke5 55. Kf2 Kd4 56. Kg3 g5 57. Re1 Kc3 58. Re8 Kxb3 59. Rxc8
Kxc4 60. a7 b3 61. a8=Q b2 1-0

[Event "I Memorial Doriano Spinelli"]
[Site "Torino ITA"]
[Date "2015.12.07"]
[Round "5"]
[White "Malano, Francesco"]
[Black "Finocchiaro, Gianluca"]
[WhiteElo "1880"]
[BlackElo "2020"]
[Result "1-0"]
[PlyCount "52"]
[EventDate "2015.12.04"]

1. d4 d5 2. c4 Nc6 3. e3 e5 4. dxe5 Bb4+ 5. Bd2 dxc4 6. Bxc4 Bxd2+ 7. Qxd2
Qxd2+ 8. Nxd2 Nxe5 9. Be2 Bf5 10. e4 Be6 11. Ngf3 Nxf3+ 12. Nxf3 Nf6 13. Ng5
Bd7 14. O-O-O h6 15. Nxf7 Kxf7 16. e5 Rhe8 17. Bh5+ Nxh5 18. Rxd7+ Re7 19. Rhd1
Rae8 20. g3 Rxd7 21. Rxd7+ Re7 22. Rxe7+ Kxe7 23. f4 Ke6 24. Kd2 g5 25. Ke3
gxf4+ 26. gxf4 Kf5 1-0

[Event "I Memorial Doriano Spinelli"]
[Site "Torino ITA"]
[Date "2015.12.07"]
[Round "5"]
[White "Mcgovern, Patrick"]
[Black "Di Chiara, Mauro"]
[WhiteElo "1775"]
[BlackElo "1933"]
[Result "0-1"]
[PlyCount "64"]
[EventDate "2015.12.04"]

1. e4 c5 2. Bc4 Nc6 3. Nc3 g6 4. Nf3 Bg7 5. O-O d6 6. Re1 e6 7. d3 Nge7 8. Bg5
O-O 9. Qc1 a6 10. a4 b6 11. Bh6 Bb7 12. h4 d5 13. exd5 exd5 14. Ba2 Bxh6 15.
Qxh6 Nf5 16. Qg5 Nb4 17. Bb1 Qxg5 18. hxg5 Rae8 19. Ne2 d4 20. c3 Bxf3 21. gxf3
Nd5 22. Kf1 Nh4 23. Ba2 Nc7 24. f4 Nf3 25. Rec1 dxc3 26. Nxc3 Re7 27. Ne4 Rd8
28. Nf6+ Kg7 29. Rd1 h6 30. Ne4 h5 31. Kg2 Nd4 32. Rac1 Ne2 0-1

[Event "I Memorial Doriano Spinelli"]
[Site "Torino ITA"]
[Date "2015.12.07"]
[Round "5"]
[White "Peruffo, Giovanni"]
[Black "Garbezza, Davide"]
[WhiteElo "1453"]
[BlackElo "1633"]
[Result "0-1"]
[PlyCount "100"]
[EventDate "2015.12.04"]

1. e4 b6 2. d3 Bb7 3. Nf3 e6 4. g3 d5 5. exd5 exd5 6. Bg2 Qe7+ 7. Be3 d4 8. O-O
dxe3 9. Re1 Qd8 10. Rxe3+ Be7 11. Nbd2 Nf6 12. Nc4 O-O 13. Qd2 Bc5 14. d4 Bd6
15. Rae1 Nbd7 16. c3 Nd5 17. R3e2 N7f6 18. b4 Ba6 19. Qd3 c6 20. a4 Qc7 21. b5
cxb5 22. Nxd6 Qxd6 23. axb5 Bb7 24. Ne5 Rab8 25. c4 Nc7 26. d5 Rbe8 27. Bh3 Re7
28. Bf5 Rfe8 29. f4 a6 30. bxa6 Nxa6 31. h3 g6 32. Be4 Nc5 33. Qd4 Ncxe4 34.
Rxe4 Nxe4 35. Rxe4 Qc5 36. Qxc5 bxc5 37. d6 Bxe4 38. dxe7 Rxe7 39. Kf2 f6 40.
Ng4 Kf7 41. Ne3 Ra7 42. Nd1 Bd3 43. Ne3 Ra4 44. Nd5 Bxc4 45. Nb6 Ra2+ 46. Ke3
Bb5 47. Nd5 Bc6 48. Nc3 Ra3 49. Kd2 Ke6 50. Nb1 Rxg3 0-1